Lectures on the coupling methods

Αποθηκεύτηκε σε:
Λεπτομέρειες βιβλιογραφικής εγγραφής
Κύριος συγγραφέας: Lindvall, Torgny 1945-
Μορφή: Βιβλίο
Γλώσσα:English
Δημοσίευση: Mineola, N.Y. : Dover Publications, Inc., 2002
Θέματα:
Ετικέτες: Προσθήκη ετικέτας
Δεν υπάρχουν, Καταχωρήστε ετικέτα πρώτοι!

MARC

LEADER 00000nam a2200000 i 4500
001 1/53648
008 070903s2002 eng d
020 |a 0-486-42145-7 
035 |l 10090342 
040 |a GR-MY-UA  |b gre  |e aacr 
041 0 |a eng 
082 0 |a 519.24  |2 (22) 
100 1 |a Lindvall, Torgny  |d 1945- 
245 1 0 |a Lectures on the coupling methods /  |c Torgny Lindvall 
260 |a Mineola, N.Y. :   |b Dover Publications, Inc.,   |c 2002 
300 |a xii, 257 σ.;  |b εικ.;  |c 22 εκ. 
504 |a Περιλαμβάνει βιβλιογραφικές παραπομπές (σ. 241-253) και ευρετήριο 
650 0 0 |a Probability measures. 
852 |a INST  |b SAMOS  |e 20070903  |h 519.24 LIN  |p 005300028343  |q 005300028343  |t BK  |y 0 
901 |a BIBL3-2007-2 
909 |a Σ  |b 138255 
922 |a 3ΕΛΗ  |b 200707  |c ΕΠΕΑΕΚ2/ΤΣΑΕ  |d ΠΑΠΑΣΩΤΗΡΙΟΥ 
970 |a ΣΙΤΖΙΜΗ  |b ΓΙΑΣΕΜΗ  |z 2007/09/03